| 000 | 00532nam a2200145 a 4500 | ||
|---|---|---|---|
| 001 | 000038679 | ||
| 005 | 20201002031331.0 | ||
| 008 | 130417s2012 dr 000 0 spa d | ||
| 020 | _a9789945165050 | ||
| 040 |
_aDO-SdBNP _bspa _cBNPHU |
||
| 245 | 0 | 0 |
_aGuía del profesional sobre el procedimiento para el recurso de amparo : _bla protección del derecho a la nacionalidad. |
| 260 |
_aSanto Domingo : _bObservatorio Migrantes del Caribe (OBMICA), _c2012. |
||
| 300 |
_a120 p. ; _c29 cm. |
||
| 500 | _aIncluye notas al pie de las páginas | ||
| 999 |
_c38169 _d38169 |
||